HIDDEN FACE OF FREE ENLERPRISE. (Record no. 1289060)

MARC details
000 -LEADER
fixed length control field 00480nam a2200181Ia 4500
008 - FIXED-LENGTH DATA ELEMENTS--GENERAL INFORMATION
fixed length control field 151202s9999||||xx |||||||||||||| ||und||
082 ## - DEWEY DECIMAL CLASSIFICATION NUMBER
Item number PNVM-23085
100 ## - MAIN ENTRY--PERSONAL NAME
Personal name BUNLING (G.R.).
245 ## - TITLE STATEMENT
Title HIDDEN FACE OF FREE ENLERPRISE.
260 ## - PUBLICATION, DISTRIBUTION, ETC. (IMPRINT)
Name of publisher, distributor, etc "M.HILL BOOKS,LONDON."
260 ## - PUBLICATION, DISTRIBUTION, ETC. (IMPRINT)
Date of publication, distribution, etc 1964
300 ## - PHYSICAL DESCRIPTION
Extent 248
600 ## - SUBJECT ADDED ENTRY--PERSONAL NAME
Personal name BUNLING (G.R.).
630 ## - SUBJECT ADDED ENTRY--UNIFORM TITLE
Uniform title HIDDEN FACE OF FREE ENLERPRISE.
700 ## - ADDED ENTRY--PERSONAL NAME
Personal name BUNLING (G.R.).
730 ## - ADDED ENTRY--UNIFORM TITLE
Uniform title HIDDEN FACE OF FREE ENLERPRISE.
942 ## - ADDED ENTRY ELEMENTS (KOHA)
Koha item type Book
Holdings
Withdrawn status Lost status Damaged status Not for loan Home library Current library Date acquired Cost, normal purchase price Total Checkouts Full call number Barcode Date last seen Cost, replacement price Price effective from Koha item type
        Pune Nagar Vachan Mandir, Pune Pune Nagar Vachan Mandir, Pune 06/21/2015 0.00   PNVM-23085 PNVM-23085 12/02/2015 0.00 12/02/2015 Book